Reentry works: The implementation and effectiveness of a Serious and Violent Offender Reentry Initiative

Guardado en:  
Detalles Bibliográficos
Autores principales: Bouffard, Jeffrey A. (Autor) ; Bergeron, Lindsey (Autor)
Tipo de documento: Electrónico Artículo
Lenguaje:Inglés
Publicado: 2006
En: Journal of offender rehabilitation
Año: 2006, Volumen: 44, Número: 2/3, Páginas: 1-29
Acceso en línea: Volltext (lizenzpflichtig)
Verificar disponibilidad: HBZ Gateway

MARC

LEADER 00000caa a22000002c 4500
001 1912680440
003 DE-627
005 20250124055029.0
007 cr uuu---uuuuu
008 241217s2006 xx |||||o 00| ||eng c
024 7 |a 10.1300/J076v43n02_01  |2 doi 
035 |a (DE-627)1912680440 
035 |a (DE-599)KXP1912680440 
040 |a DE-627  |b ger  |c DE-627  |e rda 
041 |a eng 
084 |a 2,1  |2 ssgn 
100 1 |a Bouffard, Jeffrey A.  |e VerfasserIn  |0 (DE-588)1212190602  |0 (DE-627)1701020211  |0 (DE-576)184203724  |4 aut 
109 |a Bouffard, Jeffrey A.  |a Bouffard, Jeff A. 
245 1 0 |a Reentry works: The implementation and effectiveness of a Serious and Violent Offender Reentry Initiative 
264 1 |c 2006 
336 |a Text  |b txt  |2 rdacontent 
337 |a Computermedien  |b c  |2 rdamedia 
338 |a Online-Ressource  |b cr  |2 rdacarrier 
700 1 |a Bergeron, Lindsey  |e VerfasserIn  |4 aut 
773 0 8 |i Enthalten in  |t Journal of offender rehabilitation  |d Philadelphia, Pa. : Routledge, Taylor & Francis Group, 2008  |g 44(2006), 2/3, Seite 1-29  |h Online-Ressource  |w (DE-627)355986884  |w (DE-600)2091279-1  |w (DE-576)105703648  |x 1540-8558  |7 nnas 
773 1 8 |g volume:44  |g year:2006  |g number:2/3  |g pages:1-29 
787 0 8 |i Forschungsdaten  |a Lattimore, Pamela K.  |t Serious and Violent Offender Reentry Initiative (SVORI) Multi-site Impact Evaluation, 2004-2011 (United States)  |d [Erscheinungsort nicht ermittelbar] : [Verlag nicht ermittelbar], 2011  |w (DE-627)1840043393 
856 4 0 |u https://doi.org/10.1300/J076v43n02_01  |x Resolving-System  |z lizenzpflichtig  |3 Volltext  |7 1 
935 |a mkri 
951 |a AR 
ELC |a 1 
LOK |0 000 xxxxxcx a22 zn 4500 
LOK |0 001 4637645999 
LOK |0 003 DE-627 
LOK |0 004 1912680440 
LOK |0 005 20241217044917 
LOK |0 008 241217||||||||||||||||ger||||||| 
LOK |0 035   |a (DE-2619)ICPSR107480 
LOK |0 040   |a DE-2619  |c DE-627  |d DE-2619 
LOK |0 092   |o n 
LOK |0 852   |a DE-2619 
LOK |0 852 1  |9 00 
LOK |0 935   |a nacp 
LOK |0 939   |a 17-12-24  |b l01 
ORI |a SA-MARC-krimdoka001.raw